[Event "Titled Tuesday intern op 18th Jul Early"]
[Site "Chess.com INT"]
[Date "2023.07.18"]
[Round "5"]
[White "Marin Masis, Jose Esteban"]
[Black "Romero Ruscalleda, Josep"]
[Result "0-1"]
[WhiteElo "1938"]
[BlackElo "2160"]
[PlyCount "156"]
[EventDate "2023.07.18"]
[EventType "swiss (blitz)"]
[EventRounds "11"]
[EventCountry "USA"]
[SourceTitle "EXT 2024"]
[Source "ChessBase"]
[SourceDate "2023.10.10"]
[SourceVersion "1"]
[SourceVersionDate "2023.10.10"]
[SourceQuality "1"]

1. e4 g6 2. d4 Bg7 3. Nf3 d6 4. Nc3 a6 5. Bc4 Nf6 6. 0-0 0-0 7. Bg5 Nxe4 8. Bxf7+ Rxf7 9. Nxe4 Bg4 10. h3 Bxf3 11. gxf3 Nc6 12. c3 Qd7 13. Kg2 Qf5 14. Qd3 d5 15. Be3 dxe4 16. fxe4 Qf3+ 17. Kh2 Rd8 18. Qc2 Rdf8 19. Rg1 Qh5 20. Rg2 Rf3 21. Qb3+ Kh8 22. Qe6 Nd8 23. Qg4 Qxg4 24. hxg4 e5 25. d5 Nf7 26. Bc5 Nd6 27. Bxd6 cxd6 28. Kg1 R8f4 29. Re1 Rd3 30. Re2 Rd1+ 31. Kh2 Bf6 32. Rg3 Bg5 33. Rg2 Kg7 34. Rg3 Bh4 35. Rg2 g5 36. Rc2 Rf3 37. Re2 Rdd3 38. Kg1 Rd1+ 39. Kh2 Rfd3 40. b3 R3d2 41. f3 Rxe2 42. Rxe2 Rc1 43. Kh3 Rxc3 44. Kg2 Rc1 45. Rb2 Kf6 46. Re2 Ke7 47. Rd2 Kd7 48. Re2 Re1 49. Rxe1 Bxe1 50. Kf1 Bd2 51. Ke2 Bf4 52. Kd3 Kc7 53. Ke2 Kb6 54. Kd3 Kc5 55. Kc3 b5 56. a3 Kb6 57. Kd3 b4 58. a4 Kc5 59. a5 Kb5 60. Kc2 Kxa5 61. Kd3 Kb5 62. Kc2 a5 63. Kd3 a4 64. bxa4+ Kxa4 65. Kc2 Ka3 66. Kb1 Bd2 67. Kc2 Bc3 68. Kb1 b3 69. f4 gxf4 70. g5 Bd4 71. g6 hxg6 72. Kc1 b2+ 73. Kd2 b1Q 74. Ke2 Qxe4+ 75. Kd2 Qe3+ 76. Kc2 Qc3+ 77. Kd1 Qb2 78. Ke1 Kb3 0-1

[Event "Titled Tuesday intern op 27th Jun Early"]
[Site "Chess.com INT"]
[Date "2023.06.27"]
[Round "3"]
[White "Barbot, Pierre"]
[Black "Marin Masis, Jose Esteban"]
[Result "1-0"]
[WhiteElo "2458"]
[BlackElo "1938"]
[PlyCount "121"]
[EventDate "2023.06.27"]
[EventType "swiss (blitz)"]
[EventRounds "11"]
[EventCountry "USA"]
[SourceTitle "EXT 2024"]
[Source "ChessBase"]
[SourceDate "2023.10.10"]
[SourceVersion "1"]
[SourceVersionDate "2023.10.10"]
[SourceQuality "1"]

1. d4 Nf6 2. Nf3 d5 3. Bf4 Bf5 4. e3 e6 5. c4 c6 6. Nc3 Bd6 7. Bd3 Bxd3 8. Qxd3 Bxf4 9. exf4 dxc4 10. Qxc4 Nbd7 11. 0-0 Nb6 12. Qb3 0-0 13. Rad1 Qc7 14. Ne5 Nbd5 15. g3 Rfd8 16. Rfe1 h6 17. Na4 Nb6 18. Nc5 Rab8 19. Qc2 Nbd7 20. f5 Nxe5 21. dxe5 Rxd1 22. Qxd1 Nd5 23. fxe6 fxe6 24. Nxe6 Qf7 25. Qg4 Re8 26. Nc5 Rf8 27. f4 Qe7 28. Nd3 Kh8 29. e6 Qc7 30. Ne5 Qb6+ 31. Kh1 Qf2 32. Qe2 Qxe2 33. Rxe2 Re8 34. Nf7+ Kg8 35. Nd6 Re7 36. f5 b6 37. Kg2 Nf6 38. Kf3 Nd5 39. g4 Nf6 40. h4 Nd5 41. g5 hxg5 42. hxg5 c5 43. Ke4 Nb4 44. a3 Nc6 45. Kd5 Nd4 46. Rh2 Nf3 47. Rf2 Nxg5 48. Nc8 Re8 49. Nxa7 Nh7 50. Nc6 Nf6+ 51. Kd6 Rc8 52. Re2 Re8 53. e7 Ng4 54. Kd7 Kf7 55. Ne5+ Nxe5+ 56. Rxe5 Rg8 57. e8Q+ Rxe8 58. Rxe8 Kf6 59. Rf8+ Kg5 60. Kc6 c4 61. Kxb6 1-0

[Event "Titled Tuesday intern op 20th Jun Early"]
[Site "Chess.com INT"]
[Date "2023.06.20"]
[Round "3"]
[White "Marin Masis, Jose Esteban"]
[Black "Shapiro, Daniel E"]
[Result "0-1"]
[WhiteElo "1938"]
[BlackElo "2284"]
[PlyCount "63"]
[EventDate "2023.06.20"]
[EventType "swiss (blitz)"]
[EventRounds "11"]
[EventCountry "USA"]
[SourceTitle "EXT 2024"]
[Source "ChessBase"]
[SourceDate "2023.10.10"]
[SourceVersion "1"]
[SourceVersionDate "2023.10.10"]
[SourceQuality "1"]

1. e4 e5 2. Nf3 Nc6 3. Bb5 a6 4. Ba4 Nf6 5. d3 b5 6. Bb3 Bd6 7. 0-0 h6 8. a4 Bb7 9. Nbd2 0-0 10. Re1 Re8 11. Nh4 Bf8 12. Nf5 d5 13. exd5 Na5 14. axb5 Nxb3 15. Nxb3 Qxd5 16. Ne3 Qxb5 17. Ra5 Qc6 18. Ra1 Bc8 19. h3 Be6 20. Na5 Qb5 21. Nac4 e4 22. Ra5 Qb7 23. Ra1 Rad8 24. d4 c5 25. c3 cxd4 26. cxd4 Bc5 27. Na5 Qc7 28. d5 Nxd5 29. Nxd5 Bxd5 30. Qh5 Bb4 31. Bxh6 Bxe1 32. Qh4 0-1

[Event "Titled Tuesday intern op 06th Jun Late"]
[Site "Chess.com INT"]
[Date "2023.06.06"]
[Round "4"]
[White "Marin Masis, Jose Esteban"]
[Black "Mazurkiewicz, Michal"]
[Result "0-1"]
[WhiteElo "1938"]
[BlackElo "2145"]
[PlyCount "75"]
[EventDate "2023.06.06"]
[EventType "swiss (blitz)"]
[EventRounds "11"]
[EventCountry "USA"]
[SourceTitle "EXT 2024"]
[Source "ChessBase"]
[SourceDate "2023.10.10"]
[SourceVersion "1"]
[SourceVersionDate "2023.10.10"]
[SourceQuality "1"]

1. e4 d6 2. d4 Nf6 3. Nc3 c6 4. Nf3 Bg4 5. Be2 e6 6. Bg5 Be7 7. Qd2 d5 8. e5 Nfd7 9. Bxe7 Qxe7 10. h3 Bh5 11. Qg5 Bxf3 12. Qxe7+ Kxe7 13. Bxf3 c5 14. Bxd5 exd5 15. Nxd5+ Kd8 16. dxc5 Nc6 17. 0-0-0 Ncxe5 18. f4 Nc6 19. Rhe1 Rc8 20. Re3 Re8 21. Red3 Ncb8 22. b4 Re2 23. g4 b6 24. Nc3 Rf2 25. Ne4 Rxf4 26. Nd6 Rc6 27. b5 Rxc5 28. Nb7+ Kc7 29. Nxc5 Nxc5 30. Re3 Nbd7 31. Re7 Kd8 32. Rde1 Ne6 33. R1xe6 fxe6 34. Rxg7 h5 35. gxh5 Rh4 36. Rg3 Rxh5 37. Kb2 Rxb5+ 38. Kc1 0-1

[Event "Titled Tuesday intern op 06th Jun Late"]
[Site "Chess.com INT"]
[Date "2023.06.06"]
[Round "2"]
[White "Papayan, Oleg"]
[Black "Marin Masis, Jose Esteban"]
[Result "1-0"]
[WhiteElo "2253"]
[BlackElo "1938"]
[PlyCount "117"]
[EventDate "2023.06.06"]
[EventType "swiss (blitz)"]
[EventRounds "11"]
[EventCountry "USA"]
[SourceTitle "EXT 2024"]
[Source "ChessBase"]
[SourceDate "2023.10.10"]
[SourceVersion "1"]
[SourceVersionDate "2023.10.10"]
[SourceQuality "1"]

1. e4 c5 2. d4 cxd4 3. Qxd4 Nc6 4. Qd3 Nf6 5. Nc3 g6 6. Nf3 d6 7. Be2 Bg7 8. 0-0 0-0 9. Nd5 Ng4 10. c3 Nge5 11. Nxe5 Nxe5 12. Qg3 Be6 13. f4 Bxd5 14. exd5 Nd7 15. f5 Nf6 16. fxg6 hxg6 17. Bf3 Qb6+ 18. Qf2 Qb5 19. a4 Qa5 20. Rd1 Nd7 21. Bg5 Rfe8 22. b4 Qc7 23. Rac1 Ne5 24. Be2 Nc4 25. Rf1 Rf8 26. Bxc4 Qxc4 27. Bxe7 Qxd5 28. Bxf8 Kxf8 29. Qf3 Qxf3 30. Rxf3 Rc8 31. Rd3 Ke7 32. c4 b6 33. Kf2 a5 34. bxa5 bxa5 35. Rd5 Rc5 36. Rxc5 dxc5 37. Kf3 Bd4 38. Ke4 Ke6 39. Rb1 Bc3 40. Rb6+ Ke7 41. Kd5 Bb4 42. Rb7+ Kf6 43. g4 Kg7 44. g5 Kf8 45. Kd6 Kg7 46. Ke7 Bd2 47. h4 Be1 48. Rb5 Bxh4 49. Rxc5 Be1 50. Rd5 Bb4+ 51. c5 Ba3 52. Ke8 f5 53. c6 f4 54. c7 f3 55. c8Q f2 56. Qd7+ Kg8 57. Qe6+ Kg7 58. Rd7+ Kh8 59. Qf6+ 1-0

[Event "Titled Tuesday intern op 06th Jun Late"]
[Site "Chess.com INT"]
[Date "2023.06.06"]
[Round "1"]
[White "Roberson, Peter T"]
[Black "Marin Masis, Jose Esteban"]
[Result "1-0"]
[WhiteElo "2433"]
[BlackElo "1938"]
[PlyCount "44"]
[EventDate "2023.06.06"]
[EventType "swiss (blitz)"]
[EventRounds "11"]
[EventCountry "USA"]
[SourceTitle "EXT 2024"]
[Source "ChessBase"]
[SourceDate "2023.10.10"]
[SourceVersion "1"]
[SourceVersionDate "2023.10.10"]
[SourceQuality "1"]

1. e4 c5 2. d3 d5 3. Nd2 Nc6 4. f4 dxe4 5. dxe4 e5 6. Ngf3 exf4 7. Bc4 Bd6 8. 0-0 Nf6 9. e5 Nxe5 10. Re1 Nfd7 11. Ne4 Bc7 12. Nd6+ Bxd6 13. Qxd6 f6 14. Bxf4 Qe7 15. Nxe5 fxe5 16. Bxe5 Qxd6 17. Bxd6+ Kd8 18. Rad1 Re8 19. Rxe8+ Kxe8 20. Re1+ Kd8 21. Re7 Nb6 22. Bb5 Bf5 1-0

[Event "Titled Tuesday intern op 18th Apr Late"]
[Site "Chess.com INT"]
[Date "2023.04.18"]
[Round "6"]
[White "Marin Masis, Jose Esteban"]
[Black "Buchenau, Frank"]
[Result "1-0"]
[WhiteElo "1938"]
[BlackElo "2222"]
[PlyCount "103"]
[EventDate "2023.04.18"]
[EventType "swiss (blitz)"]
[EventRounds "11"]
[EventCountry "USA"]
[SourceTitle "EXT 2024"]
[Source "ChessBase"]
[SourceDate "2023.10.10"]
[SourceVersion "1"]
[SourceVersionDate "2023.10.10"]
[SourceQuality "1"]

1. e4 e6 2. e5 d6 3. exd6 cxd6 4. d4 Nf6 5. Nf3 Be7 6. Nc3 0-0 7. Bd3 a6 8. 0-0 b5 9. a4 b4 10. Ne4 Nbd7 11. Bf4 Qc7 12. Qd2 Rb8 13. Rfe1 Nxe4 14. Bxe4 Nf6 15. Bd3 Bb7 16. Ng5 Qc6 17. f3 h6 18. Nxe6 fxe6 19. Rxe6 Nd5 20. Bxh6 Rf6 21. Rxf6 Bxf6 22. Bg5 Bxd4+ 23. Kh1 Bxb2 24. Rd1 Re8 25. Be4 Qc5 26. h4 Rxe4 27. fxe4 Nc3 28. Qxd6 Qxd6 29. Rxd6 Nxe4 30. Rd8+ Kh7 31. Be3 Bc6 32. Rc8 Bxa4 33. Rc7 Bc3 34. Ra7 Bb5 35. Rc7 a5 36. h5 a4 37. h6 a3 38. hxg7 Bxg7 39. Bd4 Kg6 40. Rxg7+ Kf5 41. Rb7 Ba4 42. Rxb4 Bxc2 43. Rb5+ Kg4 44. Ra5 Ng3+ 45. Kh2 Nf1+ 46. Kg1 Nd2 47. Rxa3 Nb3 48. Ra8 Nxd4 49. Rg8+ Kf4 50. Rf8+ Bf5 51. Kf2 Ne6 52. g3+ 1-0

[Event "Titled Tuesday intern op 18th Apr Late"]
[Site "Chess.com INT"]
[Date "2023.04.18"]
[Round "4"]
[White "Rose, Felix"]
[Black "Marin Masis, Jose Esteban"]
[Result "0-1"]
[WhiteElo "2091"]
[BlackElo "1938"]
[PlyCount "134"]
[EventDate "2023.04.18"]
[EventType "swiss (blitz)"]
[EventRounds "11"]
[EventCountry "USA"]
[SourceTitle "EXT 2024"]
[Source "ChessBase"]
[SourceDate "2023.10.10"]
[SourceVersion "1"]
[SourceVersionDate "2023.10.10"]
[SourceQuality "1"]

1. e4 c5 2. Nf3 Nc6 3. d4 cxd4 4. Nxd4 Nf6 5. Nc3 e5 6. Ndb5 d6 7. Bg5 a6 8. Na3 b5 9. Nd5 Be7 10. Bxf6 Bxf6 11. c3 0-0 12. Nc2 Bg5 13. a4 bxa4 14. Rxa4 a5 15. Bc4 Be6 16. b3 Ne7 17. h4 Bh6 18. Nxe7+ Qxe7 19. Bd5 Ra7 20. Na3 Bd7 21. Rc4 Rc8 22. Rxc8+ Bxc8 23. Nc4 Bd7 24. Nxd6 Be6 25. Bxe6 Qxe6 26. Nc4 Rd7 27. Qa1 Qg4 28. 0-0 Qxh4 29. Qxa5 Bf4 30. Ra1 g6 31. Kf1 Qh1+ 32. Ke2 Qxg2 33. Qa8+ Kg7 34. Qc6 Qg4+ 35. Kf1 Qh3+ 36. Ke2 Qd3+ 37. Ke1 Bd2+ 38. Nxd2 Qxd2+ 39. Kf1 Qd3+ 40. Kg2 Rd6 41. Qc7 Qxe4+ 42. Kg1 Rf6 43. Qc4 Qf3 44. Qf1 Rf4 45. Qb5 Rg4+ 46. Kf1 Qh3+ 47. Ke2 Re4+ 48. Kd2 Qh6+ 49. Kc2 Qf4 50. Rd1 Qxf2+ 51. Rd2 Qf5 52. Qd3 Rf4 53. Qxf5 Rxf5 54. b4 Rf6 55. b5 h5 56. c4 h4 57. c5 h3 58. c6 e4 59. c7 e3 60. c8Q exd2 61. Kxd2 Rf2+ 62. Ke3 h2 63. Qh3 Ra2 64. b6 Ra3+ 65. Ke4 Rxh3 66. b7 Rb3 67. Kf4 Rxb7 0-1

[Event "Titled Tuesday intern op 18th Apr Late"]
[Site "Chess.com INT"]
[Date "2023.04.18"]
[Round "11"]
[White "Vila Dupla, Aurelio"]
[Black "Marin Masis, Jose Esteban"]
[Result "1-0"]
[WhiteElo "2030"]
[BlackElo "1938"]
[PlyCount "57"]
[EventDate "2023.04.18"]
[EventType "swiss (blitz)"]
[EventRounds "11"]
[EventCountry "USA"]
[SourceTitle "EXT 2024"]
[Source "ChessBase"]
[SourceDate "2023.10.10"]
[SourceVersion "1"]
[SourceVersionDate "2023.10.10"]
[SourceQuality "1"]

1. Nf3 c5 2. c4 Nc6 3. Nc3 g6 4. e3 Bg7 5. d4 cxd4 6. exd4 d6 7. Be2 Nf6 8. d5 Nb8 9. Nd4 0-0 10. 0-0 Nbd7 11. h3 Ne5 12. Be3 a6 13. Rc1 Qa5 14. Rb1 Qc7 15. Qb3 Nfd7 16. f4 Nc5 17. Qc2 b6 18. b4 Ncd7 19. fxe5 Nxe5 20. Rbc1 Nxc4 21. Bxc4 Qxc4 22. Nc6 Qh4 23. Bf2 Qg5 24. Ne4 Qh5 25. Nxe7+ Kh8 26. Nxc8 Raxc8 27. Qxc8 Rxc8 28. Rxc8+ Bf8 29. Bd4+ 1-0

[Event "Titled Tuesday intern op 11th Apr Late"]
[Site "Chess.com INT"]
[Date "2023.04.11"]
[Round "7"]
[White "Sanchez, Roberto Daniel"]
[Black "Marin Masis, Jose Esteban"]
[Result "0-1"]
[WhiteElo "1966"]
[BlackElo "1938"]
[PlyCount "52"]
[EventDate "2023.04.11"]
[EventType "swiss (blitz)"]
[EventRounds "11"]
[EventCountry "USA"]
[SourceTitle "CBM 213 Extra"]
[Source "ChessBase"]
[SourceDate "2023.05.31"]
[SourceVersion "1"]
[SourceVersionDate "2023.05.31"]
[SourceQuality "1"]

1. e4 c5 2. Nf3 Nc6 3. d4 cxd4 4. Nxd4 e5 5. Nb5 d6 6. N1c3 a6 7. Na3 Nf6 8. Bg5 Be7 9. Bxf6 Bxf6 10. Nd5 Bg5 11. Be2 0-0 12. 0-0 f5 13. Bf3 Nd4 14. c3 Nxf3+ 15. Qxf3 Be6 16. Rfd1 Rc8 17. Qd3 fxe4 18. Qxe4 Bf5 19. Qb4 b5 20. Ne3 Bxe3 21. fxe3 Qb6 22. Rxd6 Qxe3+ 23. Kh1 Be4 24. Rg1 Bxg2+ 25. Rxg2 Rf1+ 26. Rg1 Qf3# 0-1

[Event "Titled Tuesday intern op 14th Feb Late"]
[Site "Chess.com INT"]
[Date "2023.02.14"]
[Round "8"]
[White "Marin Masis, Jose Esteban"]
[Black "Gerbelli Neto, Eduardo"]
[Result "1/2-1/2"]
[WhiteElo "1938"]
[BlackElo "2114"]
[PlyCount "51"]
[EventDate "2023.02.14"]
[EventType "swiss (blitz)"]
[EventRounds "11"]
[EventCountry "USA"]
[SourceTitle "CBM 212 Extra"]
[Source "ChessBase"]
[SourceDate "2023.03.31"]
[SourceVersion "1"]
[SourceVersionDate "2023.03.31"]
[SourceQuality "1"]

1. e4 e5 2. Nf3 Nc6 3. Bb5 a6 4. Ba4 d6 5. d4 b5 6. Bb3 Nxd4 7. Nxd4 exd4 8. a4 Bb7 9. axb5 axb5 10. Rxa8 Qxa8 11. 0-0 c5 12. Bd5 Bxd5 13. exd5 Qxd5 14. Nc3 Qb7 15. Qe2+ Be7 16. Nxb5 Qd7 17. Bf4 Kf8 18. Ra1 Nf6 19. Ra7 Qd8 20. Rxe7 Nd5 21. Rxf7+ Kxf7 22. Qh5+ Ke6 23. Qg4+ Kf7 24. Qh5+ Ke6 25. Qg4+ Kf7 26. Qh5+ 1/2-1/2

[Event "Titled Tuesday intern op 14th Feb Late"]
[Site "Chess.com INT"]
[Date "2023.02.14"]
[Round "1"]
[White "Marin Masis, Jose Esteban"]
[Black "Krallis, Christos"]
[Result "0-1"]
[WhiteElo "1938"]
[BlackElo "2339"]
[PlyCount "132"]
[EventDate "2023.02.14"]
[EventType "swiss (blitz)"]
[EventRounds "11"]
[EventCountry "USA"]
[SourceTitle "CBM 212 Extra"]
[Source "ChessBase"]
[SourceDate "2023.03.31"]
[SourceVersion "1"]
[SourceVersionDate "2023.03.31"]
[SourceQuality "1"]

1. e4 e5 2. Nf3 Nc6 3. Bb5 Nge7 4. d4 exd4 5. Nxd4 a6 6. Ba4 Nxd4 7. Qxd4 Nc6 8. Qd3 Bb4+ 9. c3 Be7 10. 0-0 0-0 11. Bf4 d6 12. Nd2 Ne5 13. Qg3 Ng6 14. Be3 Bh4 15. Qf3 Bg5 16. Qe2 Bxe3 17. Qxe3 Bd7 18. Bc2 Re8 19. Nf3 Qe7 20. Rfe1 Bg4 21. h3 Bxf3 22. Qxf3 Qg5 23. Re3 Re7 24. Rae1 Rae8 25. Qg3 Qxg3 26. Rxg3 h5 27. Bb3 h4 28. Rxg6 Rxe4 29. Rxe4 Rxe4 30. Rg4 Re2 31. Rxh4 c6 32. Rb4 b5 33. Rf4 d5 34. Kh2 Rxb2 35. Kg3 a5 36. Rd4 a4 37. Bd1 Rxa2 38. Bf3 Ra3 39. Rd3 b4 40. Rd4 bxc3 41. Bd1 Ra1 42. Bxa4 c5 43. Rxd5 Rxa4 44. Rxc5 Ra3 45. Rc8+ Kh7 46. f3 Kg6 47. Rc6+ f6 48. Rc5 Rb3 49. h4 Kf7 50. h5 Ke6 51. f4 Kd6 52. Rc8 Kd5 53. Kg4 Kd4 54. g3 Rb4 55. Rd8+ Ke3 56. Rc8 Kd3 57. Kf5 Rc4 58. Rd8+ Ke2 59. Kg6 c2 60. Re8+ Kf2 61. Kxg7 c1Q 62. h6 Rc7+ 63. Kg6 Qc2+ 64. f5 Kxg3 65. Re3+ Kf4 66. Rh3 Qxf5# 0-1

[Event "Titled Tuesday intern op 14th Feb Late"]
[Site "Chess.com INT"]
[Date "2023.02.14"]
[Round "3"]
[White "Toktomushev, Teimur"]
[Black "Marin Masis, Jose Esteban"]
[Result "1-0"]
[WhiteElo "2239"]
[BlackElo "1938"]
[PlyCount "61"]
[EventDate "2023.02.14"]
[EventType "swiss (blitz)"]
[EventRounds "11"]
[EventCountry "USA"]
[SourceTitle "CBM 212 Extra"]
[Source "ChessBase"]
[SourceDate "2023.03.31"]
[SourceVersion "1"]
[SourceVersionDate "2023.03.31"]
[SourceQuality "1"]

1. d4 Nf6 2. c4 e6 3. Nf3 Bb4+ 4. Bd2 Qe7 5. g3 0-0 6. Bg2 Bxd2+ 7. Qxd2 Ne4 8. Qc2 f5 9. 0-0 d6 10. Nbd2 Nxd2 11. Nxd2 Nd7 12. Rac1 c6 13. d5 exd5 14. cxd5 c5 15. Rfe1 Nf6 16. Nc4 b5 17. Na5 Ne4 18. a4 a6 19. Nc6 Qe8 20. f3 Nf6 21. e4 fxe4 22. fxe4 Nd7 23. e5 Nxe5 24. Nxe5 dxe5 25. Qxc5 Bd7 26. d6 Rc8 27. Qd5+ Be6 28. Qxe5 Rxc1 29. Rxc1 Qd7 30. Rc7 Qe8 31. Qxg7# 1-0

[Event "Titled Tuesday intern op 20th Dec Late"]
[Site "Chess.com INT"]
[Date "2022.12.20"]
[Round "2"]
[White "Marin Masis, Jose Esteban"]
[Black "Vega Gutierrez, Sabrina Neide"]
[Result "0-1"]
[WhiteElo "1938"]
[BlackElo "2361"]
[PlyCount "72"]
[EventDate "2022.12.20"]
[EventType "swiss (blitz)"]
[EventRounds "11"]
[EventCountry "USA"]
[SourceTitle "EXT 2024"]
[Source "ChessBase"]
[SourceDate "2023.10.10"]
[SourceVersion "1"]
[SourceVersionDate "2023.10.10"]
[SourceQuality "1"]

1. e4 c5 2. Nf3 e6 3. d4 cxd4 4. Nxd4 Nf6 5. Nc3 d6 6. Bc4 Be7 7. 0-0 0-0 8. Bb3 Nc6 9. Re1 a6 10. h3 Qc7 11. Be3 Bd7 12. Qd2 b5 13. a3 Rac8 14. Rad1 Na5 15. Ba2 Rfd8 16. f4 Nc4 17. Bxc4 Qxc4 18. Qd3 Be8 19. f5 e5 20. Nb3 Qxd3 21. Rxd3 Bc6 22. Bb6 Rd7 23. Nd5 Bxd5 24. exd5 Rxc2 25. Rb1 Bd8 26. Be3 a5 27. Na1 Rc8 28. Nb3 a4 29. Nd2 Rdc7 30. g4 Rc1+ 31. Rxc1 Rxc1+ 32. Kg2 Rc2 33. b3 axb3 34. Rxb3 Nxd5 35. Kf2 Nxe3 36. Kxe3 Bg5+ 0-1

[Event "Titled Tuesday intern op 27th Sep Late"]
[Site "Chess.com INT"]
[Date "2022.09.27"]
[Round "1"]
[White "Marin Masis, Jose Esteban"]
[Black "Badelka, Olga"]
[Result "0-1"]
[WhiteElo "1938"]
[BlackElo "2431"]
[PlyCount "56"]
[EventDate "2022.09.27"]
[EventType "swiss (blitz)"]
[EventRounds "11"]
[EventCountry "USA"]
[SourceTitle "CBM 210 Extra"]
[Source "ChessBase"]
[SourceDate "2022.11.30"]
[SourceVersion "1"]
[SourceVersionDate "2022.11.30"]
[SourceQuality "1"]

1. e4 c5 2. Nf3 Nc6 3. d4 c4 4. Bxc4 e6 5. Nc3 d6 6. 0-0 Nf6 7. d5 Nb8 8. Re1 e5 9. Bg5 Be7 10. Qd2 0-0 11. h3 h6 12. Be3 Nh5 13. Nh2 Nd7 14. Ng4 Nb6 15. Be2 Nf6 16. Nxh6+ gxh6 17. Bxh6 Nh7 18. Bxf8 Qxf8 19. Qe3 Kh8 20. f4 exf4 21. Qxf4 Bg5 22. Qf3 Qh6 23. Rf1 Bf6 24. Qh5 Qg7 25. Nb5 Bd7 26. Nc3 Rg8 27. Rf2 Bd4 28. Raf1 Qxg2# 0-1

[Event "Titled Tuesday intern op 30th Aug Late"]
[Site "Chess.com INT"]
[Date "2022.08.30"]
[Round "2"]
[White "Roman, Rodrigo"]
[Black "Marin Masis, Jose Esteban"]
[Result "1-0"]
[WhiteElo "2078"]
[BlackElo "1938"]
[PlyCount "117"]
[EventDate "2022.08.30"]
[EventType "swiss (blitz)"]
[EventRounds "11"]
[EventCountry "USA"]
[SourceTitle "EXT 2023"]
[Source "ChessBase"]
[SourceDate "2022.10.05"]
[SourceVersion "1"]
[SourceVersionDate "2022.10.05"]
[SourceQuality "1"]

1. e4 c5 2. Nf3 Nc6 3. d4 cxd4 4. Nxd4 Nf6 5. Nc3 e5 6. Ndb5 d6 7. Bg5 a6 8. Na3 b5 9. Nd5 Be7 10. Bxf6 Bxf6 11. c4 b4 12. Nc2 a5 13. Bd3 0-0 14. 0-0 Bg5 15. b3 f5 16. exf5 Bxf5 17. Bxf5 Rxf5 18. Nce3 Rf7 19. Qd3 Nd4 20. Nc2 Ne6 21. Rad1 Bf4 22. Qh3 Ng5 23. Qg4 h6 24. g3 Qc8 25. Qxc8+ Rxc8 26. gxf4 exf4 27. Nd4 f3 28. Rde1 Rcf8 29. Ne6 Nh3+ 30. Kh1 Re8 31. Re3 g5 32. Nd4 Ref8 33. Nc2 Kh8 34. Nd4 Kh7 35. Ne6 Rg8 36. Nd4 g4 37. Ne7 Re8 38. Nef5 Rxe3 39. Nxe3 h5 40. Ndf5 Kg6 41. Ng3 Kg5 42. Ne4+ Kh6 43. Nxd6 Rd7 44. Ndf5+ Kg5 45. Ng3 Rd2 46. Ne4+ Kf4 47. Nxd2 Ke5 48. Rc1 Nxf2+ 49. Kg1 Nh3+ 50. Kf1 Nf4 51. Nd1 Nd3 52. Ra1 Nb2 53. Nf2 Kd4 54. Rb1 Nd3 55. Nxd3 Kxd3 56. Rd1 h4 57. Nxf3+ Ke3 58. Nxh4 g3 59. Ng2+ 1-0

[Event "Titled Tuesday intern op 09th Aug Late"]
[Site "Chess.com INT"]
[Date "2022.08.09"]
[Round "1"]
[White "Marin Masis, Jose Esteban"]
[Black "Adewumi, Tanitoluwa"]
[Result "0-1"]
[WhiteElo "1938"]
[BlackElo "2302"]
[PlyCount "108"]
[EventDate "2022.08.09"]
[EventType "swiss (blitz)"]
[EventRounds "11"]
[EventCountry "USA"]
[SourceTitle "EXT 2023"]
[Source "ChessBase"]
[SourceDate "2022.10.05"]
[SourceVersion "1"]
[SourceVersionDate "2022.10.05"]
[SourceQuality "1"]

1. e4 c5 2. Nf3 e6 3. d4 cxd4 4. Nxd4 Nc6 5. Nxc6 bxc6 6. c4 Nf6 7. Nc3 d6 8. Bd3 e5 9. 0-0 Be7 10. Qa4 Bd7 11. Rd1 0-0 12. h3 Qb6 13. Qc2 Rab8 14. b3 Be6 15. Be3 Qc7 16. Rac1 Rfc8 17. Na4 Qb7 18. Qd2 d5 19. cxd5 cxd5 20. exd5 Rxc1 21. Rxc1 Bxd5 22. Bf1 Bb4 23. Qb2 Re8 24. Nc5 Qe7 25. Bb5 Rb8 26. a4 h6 27. Na6 Ba3 28. Qb1 Bxc1 29. Nxb8 Bxe3 30. fxe3 Qc5 31. Qd3 Ne4 32. Na6 Qc1+ 33. Kh2 Nf6 34. Qf1 Qxe3 35. Nc7 Bxb3 36. Bc6 Qc5 37. Qb5 Qxb5 38. Bxb5 Nd5 39. Nxd5 Bxd5 40. Kg3 f5 41. Kf2 f4 42. g3 g5 43. gxf4 gxf4 44. a5 Kf7 45. a6 Ke6 46. Be2 Kd6 47. h4 e4 48. h5 e3+ 49. Kf1 Kc5 50. Bd3 f3 51. Ke1 Kb6 52. Kf1 Bc6 53. Ke1 Bb5 54. Be4 f2+ 0-1

[Event "Titled Tuesday intern op 12th Jul Late"]
[Site "Chess.com INT"]
[Date "2022.07.12"]
[Round "3"]
[White "Marin Masis, Jose Esteban"]
[Black "Deviprasath, Sharvesh"]
[Result "0-1"]
[WhiteElo "1938"]
[BlackElo "2287"]
[PlyCount "112"]
[EventDate "2022.07.12"]
[EventType "swiss (blitz)"]
[EventRounds "11"]
[EventCountry "USA"]
[SourceTitle "EXT 2023"]
[Source "ChessBase"]
[SourceDate "2022.10.05"]
[SourceVersion "1"]
[SourceVersionDate "2022.10.05"]
[SourceQuality "1"]

1. e4 c5 2. Nf3 d6 3. d4 cxd4 4. Nxd4 Nf6 5. Nc3 Nc6 6. Bb5 Bd7 7. Nxc6 bxc6 8. Bd3 g6 9. 0-0 Bg7 10. Be3 0-0 11. f3 a5 12. Qd2 Rb8 13. Rab1 Be6 14. a3 Nd7 15. Ne2 a4 16. Bh6 Nc5 17. Bxg7 Kxg7 18. Qc3+ Kg8 19. Bc4 Bxc4 20. Qxc4 Qb6 21. Kh1 Qa5 22. Nc3 Rfc8 23. e5 d5 24. Qh4 Ne6 25. Qxe7 d4 26. Ne4 Qxe5 27. Nf6+ Kg7 28. Nd7 Rb7 29. Rfe1 Qf5 30. Qd6 Rd8 31. Qe5+ Qxe5 32. Nxe5 c5 33. Nc4 d3 34. cxd3 Rxd3 35. Red1 Rdb3 36. Rd2 Nd4 37. Na5 Re7 38. Nxb3 Nxb3 39. Rd5 Re2 40. Kg1 Rc2 41. Kf1 Nd2+ 42. Rxd2 Rxd2 43. Rc1 Rxb2 44. Rxc5 Rb3 45. Ra5 Rxa3 46. Kf2 Ra2+ 47. Kg3 a3 48. Ra6 h5 49. Kh3 Ra1 50. Kg3 Kf8 51. Ra7 Kg7 52. Ra6 g5 53. h4 gxh4+ 54. Kxh4 a2 55. Kg3 h4+ 56. Kg4 h3 0-1